Batman True or False? - Statistics

General Stats
  • This quiz has been taken 863 times
  • The average score is 12 of 15
Answer Stats
Question Answer % Correct
Batman possesses smoke pellets and a grappling hook in his utility belt. True
96%
Batman has access to more vehicles than just the Batmobile. True
96%
Batman doesn't actually possess any super-human powers. True
93%
George Clooney has never played Batman. False
91%
Gotham City is a real city. False
89%
Batman first debuted in 1939. True
89%
Bruce Wayne is the only person to have ever been Batman. False
86%
Batman has actually beaten Superman in battle. True
86%
The Batcave features a robotic Tyrannosaurus Rex and a giant penny. True
77%
Batman's father, Thomas Wayne, was a lawyer. False
76%
Batman's Rogues Gallery includes villains such as The Riddler, Mr. Freeze, Mysterio, Poison Ivy, Magneto, and Doctor Doom. False
76%
Batman's sidekick, Robin, has always been male. False
75%
At one point, Batman has been a caveman, a witch hunter, a pirate, and an Old West gunslinger. True
72%
No Batman movie has ever grossed more than $1 billion at the box office. False
67%
Batman's arch-nemesis, the Joker, first appeared in Batman #1, back in 1940. True
66%
No matching quizzes found
Score Distribution
Percent of People with Each Score
Percentile by Number Answered
Your Score History
You have not taken this quiz